000 01098nam a2200361Ia 4500
003 GCL
008 140319s9999 xx 000 0 ara d
040 _aGCL /
_cGCL
082 0 4 _aق
_b962.31
_bد م
100 1 _aالدار العربية للعلوم
245 1 0 _aمصر دليل فودورز السياحى /
_cالدار العربية للعلوم
260 _a[S.N] :
_bالدار العربية للعلوم ،
_c1993
300 _a328 ص
490 _a
650 0 4 _aمصر
650 0 4 _aتاريخ
650 0 4 _aالاثار الاسلامية
650 0 4 _aالاثار الفرعونية
650 0 4 _aالاثار القبطية
650 0 4 _aالاقصر
650 0 4 _aالمبانى التاريخية
650 0 4 _aالاسكندرية
650 0 4 _aقناة السويس
650 0 4 _aالبحر الاحمر
650 0 4 _aالفنادق والسياحة
650 0 4 _aاسوان
650 0 4 _aسيناء
650 0 4 _aالقاهرة
650 0 4 _aالمطاعم
650 0 4 _aالنوادى
650 0 4 _aدليل سياحى
942 _2ddc
_cBK
999 _c28789
_d28789